00754nam a2200217Ia 450000500170000000800410001702000220005804000190008004100120009908200160011110000150012724501120014226000410025430000170029550400500031265000270036285000100038994200070039999900160040695201140042220221110112557.0131103s9999 xx 000 0 und d a195628764cRs.175 aLoreto College aEnglish a954.03bBAY aBayly,C.A. aRulers, townsmen and bazaarsb North Indian society in the age of British expansion 1770 - 1870 cC.A.Bayly aDelhibOxford University Pressc1992 axiii,516 p.  aIncludes index and bibliographical references aHistory - Modern India aLCLIB cBK c9584d60063 00102ddc4070aMAINbMAINd2013-11-04l1o954.03 BAY 39064pB9462r2017-02-27s2017-02-27w2013-11-04yBKf